Assessment of bioaccessible phenolics from maize based beverages and their by-products / (Record no. 18269)
[ view plain ]
| 000 -LEADER | |
|---|---|
| fixed length control field | 01050nam a22002657a 4500 |
| 001 - CONTROL NUMBER | |
| control field | BD-DhSAU 9278 |
| 003 - CONTROL NUMBER IDENTIFIER | |
| control field | BD-DhSAU |
| 005 - DATE AND TIME OF LATEST TRANSACTION | |
| control field | 20260209102357.0 |
| 008 - FIXED-LENGTH DATA ELEMENTS--GENERAL INFORMATION | |
| fixed length control field | 150613b2018 bg a|||| m||| 00| 0 eng d |
| 040 ## - CATALOGING SOURCE | |
| Original cataloging agency | BD-DhSAU |
| 082 ## - DEWEY DECIMAL CLASSIFICATION NUMBER | |
| Edition number | 22 |
| Classification number | 574.192 |
| Item number | T1569 |
| 100 ## - MAIN ENTRY--PERSONAL NAME | |
| Personal name | PIAS, TANJINA |
| Relator term | Registration # 22010129 |
| 245 ## - TITLE STATEMENT | |
| Title | Assessment of bioaccessible phenolics from maize based<br/>beverages and their by-products /<br/> |
| Remainder of title | MS thesis |
| 260 ## - PUBLICATION, DISTRIBUTION, ETC. (IMPRINT) | |
| Place of publication, distribution, etc. | Sher-e-Bangla Agricultural University : |
| Name of publisher, distributor, etc. | Department of Biochemistry and molecular biology, |
| Date of publication, distribution, etc. | 2024. |
| 300 ## - PHYSICAL DESCRIPTION | |
| Extent | xi, 68p. : |
| Other physical details | ill. ; |
| Dimensions | 30 cm. |
| 500 ## - GENERAL NOTE | |
| General note | MS thesis of Department of Biochemistry and molecular biology, Faculty of Agriculture, Sher-e-Bangla Agricultural University, Dhaka, Bangladesh |
| 504 ## - BIBLIOGRAPHY, ETC. NOTE | |
| Bibliography, etc | Includes bibliographical reference. |
| 590 ## - Name of Cataloguer | |
| Name of Cataloger | Nazmul |
| 650 ## - SUBJECT ADDED ENTRY--TOPICAL TERM | |
| Topical term or geographic name as entry element | bioaccessible phenolics |
| 650 ## - SUBJECT ADDED ENTRY--TOPICAL TERM | |
| Topical term or geographic name as entry element | maize based beverages |
| 700 ## - ADDED ENTRY--PERSONAL NAME | |
| Personal name | Prof. Dr. Ashrafi Hossain |
| Relator term | Superviser |
| 700 ## - ADDED ENTRY--PERSONAL NAME | |
| Personal name | Prof. Dr. Jamilur Rahman |
| Relator term | Co-superviser |
| 942 ## - ADDED ENTRY ELEMENTS (KOHA) | |
| Source of classification or shelving scheme | Dewey Decimal Classification |
| Koha item type | MS Level Thesis |
| Withdrawn status | Lost status | Source of classification or shelving scheme | Damaged status | Not for loan | Collection code | Home library | Branch Name | Date acquired | Total Checkouts | Full call number | Barcode | Date last seen | Price effective from | Koha item type |
|---|---|---|---|---|---|---|---|---|---|---|---|---|---|---|
| Dewey Decimal Classification | Not For Loan | Reference | SAU Library | SAU Library | 09/02/2026 | 574.192 T1569 | 46161 | 09/02/2026 | 09/02/2026 | MS Level Thesis |
